| 000 | 00470nam a2200133Ia 4500 | ||
|---|---|---|---|
| 999 |
_c3436 _d3436 |
||
| 008 | 200103s 1988 ||||xx |||||||||||||| ||und|| | ||
| 020 | _a9280112340 | ||
| 082 |
_a341.7566 _bIMO |
||
| 110 | _aInternational Maritime Organization | ||
| 245 | 0 | _aAssembly fifteenth (15th) session 9 to 20 November 1987 : resolutions and other decisions ( resolutions 596 - 635) | |
| 260 |
_bInternational Maritime Organization _c1988 _aLondon |
||
| 300 | _aviii, 167p. | ||
| 942 | _cBK | ||